01830nam a2200481 i 450000100060000000300080000600500170001400600190003100700150005000800410006502000180010602000270012403500230015103500240017403500250019803500210022304000310024405000230027508000170029808200180031510000310033324500940036426400370045830000420049533600310053733700330056833800430060149000500064450400290069458801240072359001640084765000310101165000330104265000500107565000120112565100210113765100140115865500270117279700190119983000510121885600620126999900170133134287FlNmELB20241216220907.0m o d | cr cnu||||||||150711s2013 sp ob 000 0 spa d a9788429017397 a9781512901313 (e book) a(MiAaPQ)EBC3429177 a(Au-PeEL)EBL3429177 a(CaPaEBR)ebr11059692 a(OCoLC)949136821 aFINmELBbspaerdacFINmELB 4aKKT1002bL149 2013 a347.764(460)0 a346.460862231 aLacruz Mantecón, Miguel.10aFormación del contrato de seguro y cobertura del riesgo /cMiguel L. Lacruz Mantecón. 1aMadrid :bEditorial Reus,c2013. a1 recurso en línea (2539 páginas) atextobtxt2rdacontent/spa acomputadorabc2rdamedia/spa arecurso en líneabcr2rdacarrier/spa1 aColección jurídica general. Monografías aContiene bibliografía. aDescripción basada en recurso en línea; Título de la página del título en PDF (e-libro, visto July 11, 2015). aRecurso electrónico. Santa Fe, Arg.: e-libro, 2015. Disponible vía World Wide Web. El acceso puede estar limitado para las bibliotecas afiliadas a e-libro. 0aInsurance policieszSpain. 0aOffer and acceptancezSpain. 0aInsurance policieszEuropean Union countries. 4aSeguro. 4aUnión Europea. 4aEspaña. 4aLibros electrónicos.2 ae-libro, Corp. 0aColección jurídica general. Monografías.40uhttps://elibro.net/ereader/politecnicointernacional/46529 c34287d34287